| 000 | 00700nam a2200265Ia 4500 | ||
|---|---|---|---|
| 003 | OSt | ||
| 005 | 20220918165318.0 | ||
| 006 | a|||||r|||| 00| 0 | ||
| 007 | ta | ||
| 008 | 220917b |||||||| |||| 00| 0 eng d | ||
| 020 | _a195621468 | ||
| 024 | _a4,090 | ||
| 037 | _cTextual | ||
| 040 |
_aARTS _cARTS _beng |
||
| 041 |
_2eng _aeng |
||
| 082 | _aO111,3M40,24, M8 | ||
| 100 | _aHardy Thomas | ||
| 245 | 0 |
_aTess of the D'Urbervilles _b A pure woman |
|
| 260 |
_aDelhi _bOxford Univ Press _c1988 |
||
| 300 |
_a513p _ccm. |
||
| 500 | _aBibliography | ||
| 650 |
_aHARDY, THOMAS _923710 |
||
| 942 |
_hO111,3M40,24, M8 _cTEXL _2CC |
||
| 999 |
_c129234 _d129234 |
||